| 000 | 00421nam a2200169 a 4500 | ||
|---|---|---|---|
| 082 | 0 | 0 |
_a304.66 _bCHA |
| 100 | _aChatterjee, Saral K | ||
| 245 | _aLegalisation of Abortion | ||
| 260 |
_aMadras _bChristian Literature Society _c1971 |
||
| 300 | _a71p | ||
| 500 | _aincludes index and biblioraphy | ||
| 505 | 2 | _aAppendix | |
| 650 | _aFamily-Planning | ||
| 650 | _aAbortion | ||
| 700 | 1 | _aChatterjee, Saral K | |
| 942 | _cBK | ||
| 999 |
_c3379 _d3379 |
||